Normal view
MARC view
Entry Término temático
001 - NÚMERO DE CONTROL
- campo de control: 6814
003 - IDENTIFICADOR DEL NÚMERO DE CONTROL
- campo de control: OSt
005 - FECHA Y HORA DE LA ÚLTIMA TRANSACCIÓN
- campo de control: 20200615032143.0
008 - DATOS DE LONGITUD FIJA
- campo de control de longitud fija: 200615|| aca||aabn | a|a d
040 ## - FUENTE DE LA CATALOGACIÓN
- Centro catalogador/agencia de origen: OSt
- Centro/agencia transcriptor: OSt
150 ## - ENCABEZAMIENTO--TÉRMINO DE MATERIA
- Término de materia o nombre geográfico como elemento de entrada: RELACIONES INDUSTRIALES
- Subdivisión geográfica: GUATEMALA
- Subdivisión de forma: CONGRESOS, CONFERENCIAS, ETC
670 ## - FUENTE DE DATOS ENCONTRADOS
- Cita de la fuente: Work cat.: (OSt)1978: Swedish-Guatemalan Seminar on Consensus-Building, Governance, and Democracy (1998 : Guatemala, Guatemala) 6809, Proceedings from the Swedish-Guatemalan Seminar on Consensus-Building, Governance, and Democracy, December 1, 1998, Guatemala City =, 2000.
